00355nam a22001457a 4500020001800000020001500018082001600033100002000049245001700069250001600086260005300102300001700155500002300172650001400195 a9780070667440 a0070667446 a574.192 KUC aPhilip W Kuchel aBiochemistry a2nd Edition aNew delhi, IndiabTata McGraw-Hill Companyc1998 a17.28 - I:12 aSchaum's Out lines aChemistry